Aves magicas : mitos, supersticiónes y leyendas en el folclore argentino y americano /

Guardado en:
Autor Principal: Moya, Isamel
Formato: Libro
Publicado: La Plata : Ministerio de Educación de la Prov. de Buenos Aires, 1958
Materias:
Etiquetas: Agregar Etiqueta
Sin Etiquetas, Sea el primero en etiquetar este registro!
LEADER 00665nam a22002055a 4500
001 CEM.cems004550
005 20060216000000.0
008 130507s1958##################000#0#####d
003 CEMS
082 0 4 |a 398.3 
100 1 |a Moya, Isamel 
245 1 0 |a Aves magicas :  |b mitos, supersticiónes y leyendas en el folclore argentino y americano / 
260 |a La Plata :  |b Ministerio de Educación de la Prov. de Buenos Aires,  |c 1958 
300 |a 121 p. 
653 |a Aves-mitos y leyendas 
653 |a Folclore americano 
653 |a Folclore argentino 
653 |a Mitos y leyendas 
653 |a Supersticiones 
859 |a CEMS  |b BIB. CEMS - 11 de abril  |h 398.3  |i M873  |p 5462.76  |t Ej.1